Romancero castellano : (Record no. 179814)

MARC details
000 -LEADER
campo de control de longitud fija 00807nam a2200241 i 4500
001 - NÚMERO DE CONTROL
campo de control 179814
003 - IDENTIFICADOR DE NÚMERO DE CONTROL
campo de control ES-MaACL
005 - FECHA Y HORA DE LA ÚLTIMA TRANSACCIÓN
campo de control 20250914151026.0
008 - DATOS DE LONGITUD FIJA--INFORMACIÓN GENERAL
campo de control de longitud fija 120126s2004 sp | |||| ||spa d
020 ## - NÚMERO INTERNACIONAL ESTÁNDAR DEL LIBRO
Número Internacional Estándar del Libro 84-89794-93-6
080 ## - NÚMERO DE LA CLASIFICACIÓN DECIMAL UNIVERSAL
Número de la Clasificación Decimal Universal 821.134.2-14(082.2)
245 00 - MENCIÓN DEL TÍTULO
Título Romancero castellano :
Resto del título (Cancionero de romances, Amberes, 1550) /
Mención de responsabilidad, etc. [edición de Carlos Clavería].
246 3# - FORMA VARIANTE DEL TITULO
Título propio/Titulo breve Cancionero de romances, Amberes, 1550
260 ## - PUBLICACIÓN, DISTRIBUCIÓN, ETC.
Lugar de publicación, distribución, etc. Madrid :
Nombre del editor, distribuidor, etc. Fundación José Antonio de Castro,
Fecha de publicación, distribución, etc. [2004]
300 ## - DESCRIPCIÓN FÍSICA
Extensión XXI, 605 p. ;
Dimensiones 23 cm.
490 1# - MENCIÓN DE SERIE
Mención de serie Biblioteca Castro
504 ## - NOTA DE BIBLIOGRAFÍA, ETC.
Nota de bibliografía, etc. Bibliografía: p. XVII-XVIII.
650 #4 - PUNTO DE ACCESO ADICIONAL DE MATERIA--TÉRMINO DE MATERIA
Término de materia o nombre geográfico como elemento de entrada Romances-
Subdivisión geográfica España.
9 (RLIN) 16935
700 1# - ENTRADA AGREGADA--NOMBRE PERSONAL
Nombre de persona Clavería, Carlos,
Fechas asociadas al nombre 1963-
9 (RLIN) 149211
830 1# - PUNTO DE ACCESO ADICIONAL DE SERIE-TÍTULO UNIFORME
Título uniforme Biblioteca Castro
9 (RLIN) 178957
852 4# - LOCALIZACIÓN
Ubicación ES-MaACL
Número de control de estantería L-29794
Holdings
Estatus retirado Estado de pérdida Estado de daño No para préstamo Biblioteca de origen Biblioteca actual Ubicación en estantería Fecha de adquisición Fuente de adquisición Total de préstamos Signatura topográfica completa Código de barras Visto por última vez Precio de reemplazo Tipo de ítem Koha
        Biblioteca del Ateneo de Madrid Biblioteca del Ateneo de Madrid Depósito 2 26/01/2012     L-29794 1188904 23/02/2023 23/02/2023 Libro impreso